[Event "AUTO-OPEN-1514"]
[Site "http://www.queenalice.com/game.php?id=572140"]
[Date "2009.4.15"]
[Round "1"]
[White "xerxe"]
[Black "poker"]
[Result "1-0"]
[WhiteElo "1633"]
[BlackElo "1578"]

1. e4 c5 2. Nf3 g6 3. Bc4 Bg7 4. Nc3 e6 5. O-O Ne7 6. d4 b6 7. Nb5 O-O 8. e5 a6
9. Nd6 b5 10. Bd3 Qc7 11. Be4 Ra7 12. dxc5 Nbc6 13. Bg5 h6 14. Bf6 1-0

[Event "AUTO-OPEN-1514"]
[Site "http://www.queenalice.com/game.php?id=572141"]
[Date "2009.4.15"]
[Round "1"]
[White "poker"]
[Black "xerxe"]
[Result "0-1"]
[WhiteElo "1560"]
[BlackElo "1647"]

1. d4 d5 2. Nf3 Nf6 3. e3 Bg4 4. Be2 e6 5. O-O c5 6. c3 Nc6 7. b3 b5 8. Bxb5 Qb6
9. Ba4 cxd4 10. cxd4 Bb4 11. Qc2 Rc8 12. Qe2 O-O 13. Bb2 Ne4 14. h3 Bh5 0-1

[Event "AUTO-OPEN-1514"]
[Site "http://www.queenalice.com/game.php?id=572168"]
[Date "2009.4.15"]
[Round "1"]
[White "poker"]
[Black "Bigorna"]
[Result "0-1"]
[WhiteElo "1710"]
[BlackElo "1854"]

1. e4 e5 2. Nf3 Nc6 3. Bb5 Nf6 4. O-O a6 5. Ba4 b5 6. Bb3 a5 7. c3 Ba6 8. Re1 b4
9. Bd5 Bd6 10. d4 Be7 11. Nxe5 Nxd5 12. exd5 Nxe5 13. Rxe5 O-O 14. Qg4 Re8 0-1

[Event "AUTO-OPEN-1514"]
[Site "http://www.queenalice.com/game.php?id=572169"]
[Date "2009.4.15"]
[Round "1"]
[White "Bigorna"]
[Black "poker"]
[Result "1-0"]
[WhiteElo "1842"]
[BlackElo "1732"]

1. Nf3 g6 2. d3 Bg7 3. e4 e6 4. Bg5 Ne7 5. c3 O-O 6. Be2 c6 7. d4 d5 8. e5 h6 9.
Bh4 b6 10. O-O Bb7 11. b4 Nd7 12. a4 Re8 13. Re1 Rc8 14. Na3 Qc7 15. b5 1-0

[Event "AUTO-OPEN-1514"]
[Site "http://www.queenalice.com/game.php?id=572170"]
[Date "2009.4.15"]
[Round "1"]
[White "poker"]
[Black "KasparovPadawan"]
[Result "1-0"]
[WhiteElo "1936"]
[BlackElo "1879"]

1. Nf3 d5 2. d4 Bf5 3. e3 Nf6 4. Be2 e6 5. O-O Bd6 6. c4 Bxb1 7. Rxb1 c5 8. b3
O-O 9. Bb2 Nc6 10. dxc5 Bxc5 11. a3 Be7 12. Qc2 Rc8 13. Rfd1 Qc7 14. Rbc1 Rfd8
15. b4 a6 16. Bxf6 Bxf6 17. cxd5 Rxd5 18. Rxd5 exd5 19. Qc5 Bb2 20. Rc2 Bxa3 21.
Qxd5 Bxb4 22. Nd4 Rd8 23. Qc4 Bd6 24. Nxc6 Bxh2+ 25. Kf1 bxc6 26. Qxc6 Qxc6 27.
Rxc6 a5 28. g3 g6 29. Rc2 1-0

[Event "AUTO-OPEN-1514"]
[Site "http://www.queenalice.com/game.php?id=572171"]
[Date "2009.4.15"]
[Round "1"]
[White "KasparovPadawan"]
[Black "poker"]
[Result "1-0"]
[WhiteElo "1853"]
[BlackElo "1544"]

1. d4 d5 2. e3 Nf6 3. Nc3 e6 4. a3 Be7 5. Bd3 O-O 6. Nf3 a6 7. O-O c5 8. b3 b5
9. dxc5 Bxc5 10. b4 Bb6 11. Bb2 Bb7 12. Ne2 Nc6 13. Ne5 Rc8 14. Bd4 Bxd4 15.
exd4 Qb6 16. Nxc6 Rxc6 17. Qd2 h6 18. Rfc1 Rfc8 19. Qe3 Qc7 20. Ra2 Ng4 21. Qg3
Nf6 22. Qxc7 R6xc7 23. f4 Nd7 24. a4 Bc6 25. Nc3 Bb7 26. Nd1 Bc6 27. g4 Nb6 28.
a5 1-0

[Event "AUTO-OPEN-1515"]
[Site "http://www.queenalice.com/game.php?id=572515"]
[Date "2009.4.15"]
[Round "1"]
[White "volga1"]
[Black "poker"]
[Result "0-1"]
[WhiteElo "1898"]
[BlackElo "1500"]

1. e4 c5 2. Bc4 e6 3. Nc3 Be7 4. Nf3 a6 5. a4 Nc6 6. d4 cxd4 7. Nxd4 Qb6 8. Nxc6
bxc6 9. O-O d5 10. exd5 cxd5 11. Bxd5 exd5 12. Nxd5 Qb7 13. Nxe7 Nxe7 14. Re1
O-O 15. Ra3 Be6 16. Rxe6 fxe6 17. Qg4 Nf5 18. Rh3 Qd7 19. b3 Rad8 20. Rd3 Qc6
21. Rxd8 Rxd8 22. h3 Qxc2 23. Bg5 Rd4 24. Be3 Rxg4 0-1

[Event "AUTO-OPEN-1515"]
[Site "http://www.queenalice.com/game.php?id=572516"]
[Date "2009.4.15"]
[Round "1"]
[White "poker"]
[Black "volga1"]
[Result "1-0"]
[WhiteElo "1960"]
[BlackElo "1887"]

1. d4 g6 2. e4 Bg7 3. Nf3 e6 4. Bd3 Ne7 5. O-O d6 6. c4 Nd7 7. Nc3 b6 8. b3 Bb7
9. Bb2 a6 10. d5 e5 11. Nd2 O-O 12. f4 exf4 13. Rxf4 Be5 14. Rf1 Nc5 15. Bc2 Bc8
16. Nf3 Bg4 17. h3 Bd7 18. Nxe5 Qc8 19. Nxd7 Qxd7 20. Qf3 Qe8 21. Rae1 Nd7 22.
Ne2 Ne5 23. Qf6 h6 24. Nf4 Kh7 25. Nd3 Ng8 26. Qh4 Qe7 27. Qxe7 Nxe7 28. Nxe5
dxe5 29. Bxe5 Rac8 30. Rf6 Ng8 31. Rc6 Ne7 32. Rxc7 Rxc7 33. Bxc7 b5 34. Bd6 Re8
35. Bxe7 Rxe7 36. e5 bxc4 37. bxc4 Rc7 38. e6 fxe6 39. dxe6 Re7 40. Ba4 Kg7 41.
c5 1-0

[Event "AUTO-OPEN-1515"]
[Site "http://www.queenalice.com/game.php?id=572545"]
[Date "2009.4.15"]
[Round "1"]
[White "Chemiker"]
[Black "poker"]
[Result "0-1"]
[WhiteElo "1092"]
[BlackElo "1899"]

1. e4 g6 2. d4 Bg7 3. Nf3 e6 4. Bg5 Ne7 5. e5 O-O 6. Bf6 d6 7. Bxg7 Kxg7 8. exd6
Qxd6 9. Nc3 Nbc6 10. Nb5 Qd7 11. Ne5 Qd8 12. Qd2 a6 13. Nxc6 Nxc6 14. Nc3 Qxd4
15. Qxd4+ Nxd4 16. O-O-O Nc6 17. g3 Ne5 18. f4 Nc4 19. Bxc4 b5 20. Be2 Bb7 21.
Rhf1 c5 22. Bf3 Bxf3 23. Rxf3 c4 24. b3 Rac8 25. a4 cxb3 26. cxb3 b4 27. Kc2
bxc3 28. Rxc3 Kf6 29. b4 Rb8 30. b5 axb5 31. a5 Ra8 32. Ra1 Ra6 33. g4 Rfa8 34.
Rb3 Rxa5 35. Rxb5 Rxa1 36. g5+ Kg7 37. h4 R8a2+ 38. Rb2 Rxb2+ 39. Kxb2 Ra4 40.
Kc2 Rxf4 41. Kd2 Rxh4 42. Ke3 Rg4 43. Kf3 Rxg5 44. Kf4 Kf6 45. Ke4 h5 46. Kf4 h4
47. Ke4 h3 48. Kd4 h2 49. Kc4 h1=Q 50. Kd4 Qh4+ 51. Ke3 Rg3+ 52. Kf2 Qh2+ 53.
Kf1 Rg1# 0-1